La invención del desarrollo / (Registro nro. 4738)

Detalles MARC
000 -LEADER
fixed length control field 01220nam a2200313Ia 4500
003 - CONTROL NUMBER IDENTIFIER
control field OSt
005 - DATE AND TIME OF LATEST TRANSACTION
control field 20200317084123.0
008 - FIXED-LENGTH DATA ELEMENTS--GENERAL INFORMATION
fixed length control field 191128s2014 ck gr 001 0dspa d
020 ## - INTERNATIONAL STANDARD BOOK NUMBER
International Standard Book Number 9789587321340
040 ## - CATALOGING SOURCE
Original cataloging agency CO-JMCR
Transcribing agency CO-JMCR
041 1# - LANGUAGE CODE
Language code of text/sound track or separate title spa
Language code of original eng
082 04 - DEWEY DECIMAL CLASSIFICATION NUMBER
Classification number 338.9 /
Item number E746i
100 1# - MAIN ENTRY--PERSONAL NAME
Personal name Escobar, Arturo,
Relator term autor
9 (RLIN) 1595
245 10 - TITLE STATEMENT
Title La invención del desarrollo /
Statement of responsibility, etc. Arturo Escobar ; traductora Diana Ochoa
250 ## - EDITION STATEMENT
Edition statement Tercera edición
260 ## - PUBLICATION, DISTRIBUTION, ETC.
Place of publication, distribution, etc. Popayán :
Name of publisher, distributor, etc. Editorial Universidad del Cauca,
Date of publication, distribution, etc. 2014
300 ## - PHYSICAL DESCRIPTION
Extent 359 páginas :
Dimensions 24 cm.
500 ## - GENERAL NOTE
General note Bibliografía: páginas 307-348.
501 ## - WITH NOTE
With note notas a pie de paginas.
505 ## - FORMATTED CONTENTS NOTE
Formatted contents note Problematización de la pobreza: la Fábula de los tres mundos y el desarrollo -- La economía y el espacio del desarrollo: Fábulas de crecimiento y capital --La dispersión del poder: Fábulas de hambre y alimento -- Poder y visinilidad: Fábulas de campesinos
546 ## - LANGUAGE NOTE
Language note spa
650 14 - SUBJECT ADDED ENTRY--TOPICAL TERM
Topical term or geographic name entry element Movimientos sociales
9 (RLIN) 1596
650 24 - SUBJECT ADDED ENTRY--TOPICAL TERM
Topical term or geographic name entry element Globalización
9 (RLIN) 1597
650 24 - SUBJECT ADDED ENTRY--TOPICAL TERM
Topical term or geographic name entry element Desarrollo económico
9 (RLIN) 1598
650 24 - SUBJECT ADDED ENTRY--TOPICAL TERM
Topical term or geographic name entry element Historia modernidad
9 (RLIN) 1599
700 1# - ADDED ENTRY--PERSONAL NAME
Personal name Ochoa, Diana,
Relator term traductora
9 (RLIN) 1600
799 ## - LOCAL ADDED ENTRY--UNIFORM TITLE (RLIN)
Uniform title Ochoa, Diana, traductora
942 ## - ADDED ENTRY ELEMENTS (KOHA)
Source of classification or shelving scheme Dewey Decimal Classification
Koha item type Books
Existencias
Withdrawn status Lost status Source of classification or shelving scheme Materials specified (bound volume or other part) Damaged status Not for loan Home library Current library Shelving location Date acquired Source of acquisition Cost, normal purchase price Total Checkouts Full call number Barcode Date last seen Copy number Price effective from Koha item type
    Dewey Decimal Classification Donación--15/04/2018--     Biblioteca Pública José María del Castillo y Rada Biblioteca Pública José María del Castillo y Rada General Stacks 11/28/2019 Donación 0.00   338,9 / E746i 430000179 05/16/2024 Ej.1 11/28/2019 Books